Microsoft office word 2007 step by step

The smart way to learn Office Word 2007--one step at a time! Work at your own pace through the easy numbered steps, practice files on CD, helpful hints, and troubleshooting help to master the fundamentals of working with the latest version of Word, including how to navigate the new user interface. Y...

全面介紹

Đã lưu trong:
書目詳細資料
主要作者: Cox, Joyce
格式: 圖書
語言:Undetermined
出版: Redmond, WA Microsoft Press 2007
主題:
標簽: 添加標簽
沒有標簽, 成為第一個標記此記錄!
Thư viện lưu trữ: Trung tâm Học liệu Trường Đại học Cần Thơ
LEADER 01345nam a2200193Ia 4500
001 CTU_214438
008 210402s9999 xx 000 0 und d
082 |a 005.52 
082 |b C877 
100 |a Cox, Joyce 
245 0 |a Microsoft office word 2007 step by step 
245 0 |c Joyce Cox, Joan Preppernau 
260 |a Redmond, WA 
260 |b Microsoft Press 
260 |c 2007 
520 |a The smart way to learn Office Word 2007--one step at a time! Work at your own pace through the easy numbered steps, practice files on CD, helpful hints, and troubleshooting help to master the fundamentals of working with the latest version of Word, including how to navigate the new user interface. You will discover how to use features in Word to help create, edit, and proofread documents. You'll also learn how to modify the appearance of text, organize information with tables and columns, collaborate with others, and publish documents on the Web--plus more. With STEP BY STEP, you can take just the lessons you need or work from cover to cover. Either way, you drive the instruction--building and practicing the skills you need, just when you need them! Includes a companion CD with hands-on practice files. 
650 |a Word processing,Xử lý word 
904 |i Trọng Hải 
980 |a Trung tâm Học liệu Trường Đại học Cần Thơ